Größte Handelspartnern - Zypern - Statistiken

Allgemein
  • Dieses Quiz wurde 65 mal gespielt
  • Das Durchschnittsergebnis liegt bei 19 aus 25
Antwortstatistiken
Ausfuhr Einfuhr Land % Korrekt
437 Mil Italien
100%
42,2 Mil 1076 Mil Deutschland
98%
311 Mil Frankreich
98%
239 Mil 1404 Mil Griechenland
98%
53,5 Mil 136 Mil Vereinigte Staaten
97%
227 Mil Spanien
95%
147 Mil 427 Mil Vereinigtes Königreich
95%
42,3 Mil 268 Mil China
92%
50,2 Mil Ägypten
90%
84,3 Mil Russland
87%
115 Mil 258 Mil Israel
85%
64,5 Mil Indien
82%
40,0 Mil Saudi-Arabien
79%
67,8 Mil Japan
75%
28,0 Mil Schweden
67%
41,1 Mil Schweiz
67%
243 Mil Niederlande
64%
232 Mil Belgien
62%
40,0 Mil Libanon
61%
145 Mil Libyen
61%
34,1 Mil Algerien
57%
44,0 Mil 69,3 Mil Vereinigte Arabische Emirate
57%
69,5 Mil Rumänien
56%
43,3 Mil Tschechien
23%
43,6 Mil Slowakei
21%
Keine übereinstimmenden Quizze gefunden
Verteilung der Resultate
Anzahl Personen mit jedem Resultat
Perzentil nach korrekt beantworteten Fragen
Ihre Resultats-Entwicklung
Sie haben dieses Quiz noch nicht gespielt